The new testament : (Record no. 10297)
[ view plain ]
| 000 -LEADER | |
|---|---|
| fixed length control field | 00539nam a22001937a 4500 |
| 003 - CONTROL NUMBER IDENTIFIER | |
| control field | OSt |
| 005 - DATE AND TIME OF LATEST TRANSACTION | |
| control field | 20140310182204.0 |
| 008 - FIXED-LENGTH DATA ELEMENTS--GENERAL INFORMATION | |
| fixed length control field | 130903t xxu||||| |||| 00| 0 eng d |
| 020 ## - INTERNATIONAL STANDARD BOOK NUMBER | |
| International Standard Book Number | 15551035420 |
| 050 ## - LIBRARY OF CONGRESS CALL NUMBER | |
| Classification number | BS 551.2 |
| Item number | .H832 1978 |
| 082 ## - DEWEY DECIMAL CLASSIFICATION NUMBER | |
| Classification number | HS 225 |
| Item number | H79 1978 |
| 100 ## - MAIN ENTRY--PERSONAL NAME | |
| Personal name | Hoth, Iva |
| 9 (RLIN) | 16390 |
| 245 ## - TITLE STATEMENT | |
| Title | The new testament : |
| Statement of responsibility, etc | Iva Hoth. |
| 260 ## - PUBLICATION, DISTRIBUTION, ETC. (IMPRINT) | |
| Place of publication, distribution, etc | Manila : |
| Name of publisher, distributor, etc | The Bible League, |
| Date of publication, distribution, etc | c1978. |
| 300 ## - PHYSICAL DESCRIPTION | |
| Extent | The Bible League, |
| Other physical details | ill. col. ; |
| Dimensions | 28 cm. |
| 650 ## - SUBJECT ADDED ENTRY--TOPICAL TERM | |
| Topical term or geographic name as entry element | Bible |
| General subdivision | pictorial works. |
| 9 (RLIN) | 16391 |
| 942 ## - ADDED ENTRY ELEMENTS (KOHA) | |
| Source of classification or shelving scheme | Library of Congress Classification |
| Koha item type | |
| Withdrawn status | Lost status | Source of classification or shelving scheme | Damaged status | Home library | Current library | Shelving location | Date acquired | Total Checkouts | Full call number | Barcode | Date last seen | Copy number | Price effective from | Koha item type |
|---|---|---|---|---|---|---|---|---|---|---|---|---|---|---|
| Library of Congress Classification | Luxembourg Library | Luxembourg Library | 09/03/2013 | BS 551.2 .H832 1978 | 18228 | 09/03/2013 | 1 | 09/03/2013 | Books |